Dreaming : anthropological and psychological interpretations
Saved in:
| Other Authors: | |
|---|---|
| Format: | Book |
| Language: | English |
| Published: |
Cambridge :
Cambridge University Press,
1987
|
| Series: | School of American Research advanced seminar series
|
| Subjects: | |
| Tags: |
Add Tag
No Tags, Be the first to tag this record!
|
MARC
| LEADER | 00000cam a2200000 i 4500 | ||
|---|---|---|---|
| 001 | 1/90287 | ||
| 008 | 960322s1987 eng d | ||
| 020 | |a 0-521-34004-7 | ||
| 035 | |l 10007464 | ||
| 040 | |a GR-MY-UA |b gre |e aacr | ||
| 041 | 0 | |a eng | |
| 082 | 0 | |a 154.63 | |
| 245 | 1 | 0 | |a Dreaming : |b anthropological and psychological interpretations / |c Edited by Barbara Tedlock |
| 260 | |a Cambridge : |b Cambridge University Press, |c 1987 | ||
| 300 | |a xi, 297 p.; |b ill.; |c 24 cm | ||
| 490 | 1 | |a School of American Research advanced seminar series | |
| 504 | |a Bibliography: p. 263-288. Includes index | ||
| 650 | 0 | 0 | |a Dreams. |
| 650 | 0 | 0 | |a Dreams |x Cross-cultural studies. |
| 650 | 0 | 0 | |a Cross-Cultural Comparison. |
| 650 | 0 | 0 | |a Psychoanalytic theory. |
| 700 | 1 | |a Tedlock, Barbara. |4 edt | |
| 830 | 0 | |a School of American Research advanced seminar series | |
| 852 | |a INST |b LESVOS |e 19960322 |h 154.63 DRE |p 005100010654 |q 005100010654 |t BK |y 0 | ||
| 909 | |a Λ |b 012073 | ||